000 00838nam a22002537a 4500
005 20240530110935.0
008 160730s2006 ua ||||f |||| 00| 0 ara d
020 _a99572171
040 _aEG-CaGPL
082 0 4 _a352.379 /
_bذ ا
_221
100 0 _aذياب البداينة
245 1 0 _aالامن وحرب المعلومات /
_cتأليف ذياب البداينة
250 _aط. 1.
260 _aالاردن :
_bدار الشروق للنشر والتوزيع،
_c2006
300 _a490 ص. ؛
_c24 سم.
650 4 _aامن المعلومات
650 4 _aالذكاء
650 4 _aحرب المعلومات
650 4 _aحرب الخليج
650 4 _aالتجسس الالكترونى
653 _aالوباء الالكترونى
942 _2ddc
_cBK
999 _c66721
_d66721